000 01060nam2a2200253 4500
001 rc\2843902
005 20260315045932.0
035 _a(NLR Aleph) 007000514
090 _a13575301
_c13575301
100 _a20260315 rusy50
101 0 _arus
102 _aRU
105 _ay z |||||
200 1 _aКак надо использовать богарные земли
210 _dБ. г.
215 _a18 с.
225 1 _aВысотно-зональная Красно-Водопадская сельскохозяйственная станция
_vЛистовка N 1
461 0 _1001rc\2819621
_12001#$aБиблиотека колхозника Южного Казакстана$eКн. 3-6$vКн. 5
_95505077
_cЧимкент
_d1930
_nСыр-Дарьинск. окрземупр.
_oКн. 3-6
_p4 т.
_tБиблиотека колхозника Южного Казакстана
_vКн. 5
700 1 _aГольбек
_bА.
801 0 _aRU
_bNLR
_gpsbo
801 1 _aRU
_bELAR
_2rusmarc
852 _aNLR
_j30-19/381
942 _cUNSPEC
980 _aNB